Quick Pick: Most Abundant Elements in the Universe Quiz Stats

Quiz Updated Jun 11, 2016

Score 0/10 Timer 01:00
1 Play Today
% Correct
Hydrogen
94.4%
Oxygen
94.2%
Nitrogen
92.7%
Carbon
92%
Helium
79.9%
Iron
74.8%
Sulfur
54.5%
Magnesium
50.4%
Silicon
50.2%
Neon
39.4%

Today's Daily Dose

Missing Word
NPR Programs

Quick Pick
1991 Events

On This Day
June 18th II

You're not logged in!

Compare scores with friends on all Sporcle quizzes.
Join for Free
OR
Log In

You Might Also Like...

Show Comments

Extras

Top Quizzes Today


Score Distribution

Your Account Isn't Verified!

In order to create a playlist on Sporcle, you need to verify the email address you used during registration. Go to your Sporcle Settings to finish the process.

Report this User

Report this user for behavior that violates our Community Guidelines.

Details: